000 00890nam a2200217Ia 4500
001 5800
003 GE_BSU
008 181216s||||||||xx |||||||||||||| ||und||
040 _cGE_BSU
080 _a744:621(072)+744.4(072)
100 _aმალანია, ი., აგლაძე, ა.
245 _aსამანქანათმშენებლო ნახაზების წაკითხვა და აგება
245 _cრედ. ა. გულისაშვილი
260 _aთბილისი
260 _bსპი
260 _c1969
300 _a140 გვ. ილ. 30სმ.
300 _eბიბლიოგრ.: 139 გვ.
653 _aსამანქანათმშენებლო ნახაზები; ნახაზების წაკითხვა; ნახაზების აგება
942 _cBK
999 _c39214
_d39214